Grammar
Leading grammar expert Michael Swan answers questions such as, What is grammar for? How does it relate to vocabulary? How does it change? How does it differ across other languages? This accessible and readable introduction uses very little technical jargon in offering a fresh, original look at the s...
Сохранить в:
| Главный автор: | |
|---|---|
| Формат: | |
| Язык: | Undetermined |
| Опубликовано: |
Oxford
Oxford University Press
2005
|
| Предметы: | |
| Метки: |
Добавить метку
Нет меток, Требуется 1-ая метка записи!
|
| Thư viện lưu trữ: | Trung tâm Học liệu Trường Đại học Cần Thơ |
|---|
| LEADER | 00873nam a2200217Ia 4500 | ||
|---|---|---|---|
| 001 | CTU_153196 | ||
| 008 | 210402s9999 xx 000 0 und d | ||
| 020 | |c 8.95 | ||
| 082 | |a 415 | ||
| 082 | |b S972 | ||
| 100 | |a Swan, Michael | ||
| 245 | 0 | |a Grammar | |
| 245 | 0 | |c Michael Swan | |
| 260 | |a Oxford | ||
| 260 | |b Oxford University Press | ||
| 260 | |c 2005 | ||
| 520 | |a Leading grammar expert Michael Swan answers questions such as, What is grammar for? How does it relate to vocabulary? How does it change? How does it differ across other languages? This accessible and readable introduction uses very little technical jargon in offering a fresh, original look at the subject. | ||
| 650 | |a Grammar, comparative and general,English language,English language | ||
| 650 | |x Grammar,Usage | ||
| 904 | |i Giang | ||
| 980 | |a Trung tâm Học liệu Trường Đại học Cần Thơ | ||